Introducción a la psicología médica / (Registro nro. 683)

Detalles MARC
000 -LEADER
fixed length control field 00584Nad#a2200205#a#4500
005 - FECHA ULTIMA MODIFICACION
control field 20231220130844.0
008 - CAMPO DE CONTROL (LIBRO)
fixed length control field 100902s1970||||ag |||||||||||||spa d
020 ## - INTERNATIONAL STANDARD BOOK NUMBER
ISBN S/N
041 ## - CODIGO DE IDIOMA
Código de idioma del texto/pista de sonido o título separado spa
092 ## - SIGNATURA TOPOGRAFICA DEWEY LOCAL
número de clasificación 150
libristica 39
sección INS
100 1# - ENTRADA PRINCIPAL--NOMBRE PERSONAL
Nombre personal Insua, Jorge A.
245 ## - TITULO PROPIAMENTE DICHO
Título Introducción a la psicología médica /
Mención de responsabilidad y remanente de la transcripción de la portada Jorge A. Insua.
250 ## - MENCION DE EDICION
Mención de edición 1a ed.
260 ## - PIE DE IMPRENTA
Lugar de publicación, distribución, etc Buenos Aires:
Nombre de la editorial, distribuidor, etc Columba;
Fecha de publicación 1970.
300 ## - DESCRIPCION FISICA
Extension 408 p.
500 ## - NOTA GENERAL
Nota general Insua, J. A. (1970) Introducción a la psicología médica. (1a ed.). Buenos Aires : Columba.
653 ## - TÉRMINO INDIZADO - PALABRAS CLAVES
Palabra clave Psicología
930 ## - NUMERO DE INVENTARIO
Número de inventario 226
942 ## - ADDED ENTRY ELEMENTS (KOHA)
Source of classification or shelving scheme Dewey Decimal Classification
Item type Libros
Existencias
Estado de retiro Existencia Estado general No para prestamo Ubicación permanente ubicación actual Sala de ubicación Fecha de adquisición Total Checkouts Número de clasificación Código de barras Date last seen Número de ejemplar Price effective from Koha tipo de elemento (item)
        Biblioteca Medicina Biblioteca Medicina Circulación 13/05/2011   150 39 INS 226 06/11/2014 ej.1 13/05/2011 Libros

UNIVERSIDAD NACIONAL DEL COMAHUE
Biblioteca de la Facultad de Ciencias Médicas
Sede Toschi: Los Arrayanes y Av. Toschi, Cipolletti  - Rio Negro
Sede Los Tordos:  Yrigoyen al 2211, Cipolletti - Rio Negro 

Teléfono: 0299 - 4774707 int 25
Contacto: biblioteca@facimed.uncoma.edu.ar
© 2011 - 2026